Najpopularniejsze numery Rap/Trap tygodnia. 12-18.03 YT - Statystyki

Ogólne statystyki
  • Ten quiz został rozwiązany 13 razy
  • Średni wynik to 18 z 30
Statystyki odpowiedzi
Wykonawca Wyświetlenia Utwór % Poprawnych
Ekipa ~ 8.47M 3KIPA
100%
Young Leosia 1.31M Szklanki
92%
Quebonafide ft. Daria Zawiałow 535K BUBBLETEA
85%
Żabson ft. Vladimir Cauchemar 489K OBOK
85%
Guzior 1.43M BLUEBERRY
77%
Bedoes & Lanek 526K TOA$T /
77%
Alberto 604K Dwutakt
69%
Guzior ft. Oskar83 1.30M FALA
69%
Kizo ft. Trill Pem 783K Fitness
69%
Sobel 839K Kinol
69%
Kabe 944K Nad ranem
69%
Wiatr ft. Sobel, Be Vis 809K Testarossa
69%
Qry 387K Bierz do buzi
62%
Sobel 1.49M To Ja
62%
Sobel 1.02M Alien
54%
ReTo 555K Billy Kid
54%
Kali x Major ft. PlanBe 459K California
54%
Kizo ft. Wac Toja 482K Lucky Punch
54%
Malik Montana ft. Tovaritch 788K Bratan
46%
Cheatz 997K gdzie jest stary dawid
46%
Sobel 496K Każdego Dnia
46%
Kubańczyk 418K Lady Pank 2
46%
Kali x Major 395K Mona Lisa
46%
Kali x Major 499K Si
46%
Florek ft. Młodypago, Piluś 592K Buzi
38%
Bedoes & Lanek 430K City Boy
38%
Favst x Gibbs ft. Kukon 425K halo
38%
Hodak & 2K ft. Deemz 608K Oh No!
38%
Kubańczyk ft. Popek 627K Detox
31%
Esceh ft. Szpaku 482K MOET
31%
Nie znaleziono quizów pasujących do podanych kryteriów
Rozkład punktacji
Procent ludzi z każdym wynikiem
Percentyl według liczby udzielonych odpowiedzi
Twoja historia wyników
Nie rozwiązałeś tego quizu